[Event "26th Abu Dhabi Masters"]
[Site "Abu Dhabi UAE"]
[Date "2019.08.09"]
[Round "8.20"]
[White "Akopian, Vladimir"]
[Black "Aronyak, Ghosh"]
[Result "1-0"]
[WhiteTitle "GM"]
[BlackTitle "CM"]
[WhiteElo "2650"]
[BlackElo "2332"]
[WhiteFideId "13300032"]
[BlackFideId "25072846"]
[EventDate "2019.08.02"]

1. e4 Nf6 2. e5 Nd5 3. d4 d6 4. c4 Nb6 5. exd6 exd6 6. Nc3 Be7 7. Bd3 Nc6 8.
Nge2 Bg4 9. f3 Bh5 10. O-O Bf6 11. Be4 O-O 12. b3 Bg6 13. Be3 Re8 14. Qd2 Rb8
15. Rae1 Ne7 16. d5 Ra8 17. Bxg6 Nxg6 18. Ne4 Be7 19. N2g3 Bf8 20. Bd4 Nd7 21.
f4 c6 22. Nf5 cxd5 23. cxd5 Qc7 24. h4 Nc5 25. Nh6+ 1-0

[Event "26th Abu Dhabi Masters"]
[Site "Abu Dhabi UAE"]
[Date "2019.08.09"]
[Round "8.21"]
[White "Yilmaz, Mustafa"]
[Black "Muradli, Mahammad"]
[Result "0-1"]
[WhiteTitle "GM"]
[BlackTitle "IM"]
[WhiteElo "2614"]
[BlackElo "2454"]
[WhiteFideId "6302718"]
[BlackFideId "13409301"]
[EventDate "2019.08.02"]

1. d4 d5 2. c4 e6 3. Nc3 Be7 4. Nf3 Nf6 5. g3 O-O 6. Bg2 dxc4 7. Ne5 Qd6 8. O-O
Qa6 9. a4 c6 10. Bg5 Nbd7 11. Qc2 h6 12. Bxf6 Bxf6 13. f4 Qb6 14. e3 c5 15. Nxc4
Qd8 16. dxc5 Nxc5 17. Rfd1 Qe7 18. e4 Bxc3 19. Qxc3 Bd7 20. a5 Ba4 21. Rd2 Rfd8
22. e5 Rxd2 23. Nxd2 Bc6 24. Nc4 Bxg2 25. Kxg2 Rc8 26. Nd6 Rc6 27. Qf3 Na6 28.
b4 Nxb4 29. Rb1 Rxd6 30. exd6 Qxd6 31. Qxb7 Qd2+ 32. Kh1 Nd3 33. Qf3 f5 34. Kg1
Nc1 35. Qf2 Qd1+ 36. Kg2 Qd5+ 37. Kh3 Nd3 38. Qe3 Kh7 39. Rb8 Qc4 40. Qxa7 Qe4
41. Qa8 Nf2+ 42. Kh4 g5+ 0-1

[Event "26th Abu Dhabi Masters"]
[Site "Abu Dhabi UAE"]
[Date "2019.08.09"]
[Round "8.22"]
[White "Venkatesh, M.R."]
[Black "Praggnanandhaa, R"]
[Result "0-1"]
[WhiteTitle "GM"]
[BlackTitle "GM"]
[WhiteElo "2480"]
[BlackElo "2569"]
[WhiteFideId "5005779"]
[BlackFideId "25059530"]
[EventDate "2019.08.02"]

1. Nf3 Nf6 2. g3 b5 3. Bg2 Bb7 4. O-O e6 5. d3 c5 6. e4 d6 7. a4 b4 8. a5 Be7 9.
Nbd2 O-O 10. Nc4 d5 11. exd5 Bxd5 12. Ne3 Nc6 13. Nxd5 exd5 14. Re1 Bd6 15. Nh4
Qd7 16. Bg5 Be7 17. c3 h6 18. Bd2 Bd6 19. Qf3 Be5 20. Nf5 Rfe8 21. Bh3 Qc7 22.
Rec1 bxc3 23. bxc3 Ne7 24. Be3 Nxf5 25. Qxf5 Bd6 26. d4 Qe7 27. Rab1 c4 28. a6
Rab8 29. Rxb8 Rxb8 30. Rb1 Rxb1+ 31. Qxb1 Ne4 32. Qb2 h5 33. Bg2 h4 34. Bxe4
Qxe4 35. Qb7 f5 36. Kf1 h3 37. Qd7 Ba3 38. Qd8+ Kf7 39. Qg5 Qd3+ 40. Ke1 Qxc3+
41. Bd2 Qf3 42. Qd8 Be7 43. Qc7 Qe4+ 44. Be3 Kg6 45. Qb7 Kh5 46. Qb5 Kg4 0-1

[Event "26th Abu Dhabi Masters"]
[Site "Abu Dhabi UAE"]
[Date "2019.08.09"]
[Round "8.23"]
[White "Vignesh, N R"]
[Black "Santos Ruiz, Miguel"]
[Result "1/2-1/2"]
[WhiteTitle "IM"]
[BlackTitle "GM"]
[WhiteElo "2466"]
[BlackElo "2567"]
[WhiteFideId "25012215"]
[BlackFideId "22291482"]
[EventDate "2019.08.02"]

1. e4 c5 2. Nf3 e6 3. d4 cxd4 4. Nxd4 Nc6 5. Nc3 Qc7 6. Be3 a6 7. Qd2 Be7 8. f4
b5 9. Nxc6 Qxc6 10. e5 Bb7 11. O-O-O Nh6 12. Be2 Qc7 13. Bd3 Rc8 14. h3 Nf5 15.
Bxf5 exf5 16. Kb1 O-O 17. Qf2 d6 18. Bb6 Qc6 19. Nd5 Bh4 20. g3 Bxg3 21. Qxg3
Qxc2+ 22. Ka1 Bxd5 23. Rhg1 g6 24. exd6 Qc6 25. Bc7 Be6 26. Qd3 Bd7 27. h4 h5
28. Rde1 Rfe8 29. Qd4 Rxe1+ 30. Rxe1 Re8 31. Rxe8+ Bxe8 32. Kb1 Qe4+ 33. Qxe4
fxe4 34. Kc2 f5 35. Bd8 Kf7 36. Kc3 Ke6 37. Kd4 Kxd6 38. b4 Bf7 39. a3 Ba2 40.
Bf6 Bb1 41. Be5+ Ke6 42. Bc7 Bc2 43. Bd8 Bd3 44. Bg5 Bf1 45. Bd8 e3 46. Kxe3 Kd5
47. Kd2 Kc4 48. Kc2 Bd3+ 49. Kb2 1/2-1/2

[Event "26th Abu Dhabi Masters"]
[Site "Abu Dhabi UAE"]
[Date "2019.08.09"]
[Round "8.24"]
[White "Krishna, C R G"]
[Black "Istratescu, Andrei"]
[Result "1/2-1/2"]
[WhiteTitle "IM"]
[BlackTitle "GM"]
[WhiteElo "2444"]
[BlackElo "2561"]
[WhiteFideId "5018625"]
[BlackFideId "1200372"]
[EventDate "2019.08.02"]

1. d4 d6 2. Nf3 g6 3. g3 Nf6 4. Bg2 Bg7 5. O-O O-O 6. c4 Nc6 7. Nc3 Rb8 8. h3 a6
9. e4 b5 10. cxb5 axb5 11. Re1 e6 12. Bf4 b4 13. Na4 Bd7 14. Rc1 Ne7 15. b3 Bc6
16. Qc2 Ra8 17. Nd2 Nd7 18. Qc4 Bxa4 19. bxa4 Bxd4 20. Qxd4 e5 21. Qxb4 exf4 22.
e5 Rb8 23. Qxf4 Nxe5 24. Ne4 Nf5 25. Qd2 c5 26. Nxd6 Nd4 27. Rxe5 Qxd6 28. Rd5
Qf6 29. Rdxc5 Rfd8 30. Qe3 Rb2 31. Rf1 Rxa2 32. Rd5 Rxa4 33. Rd1 Rxd5 34. Bxd5
Kg7 35. Rc1 Ra5 36. Be4 Ne6 37. Bg2 h5 38. h4 Nd4 39. Rd1 Nf5 40. Qf4 Ra1 41.
Rxa1 Qxa1+ 42. Kh2 Qb2 43. Bd5 1/2-1/2

[Event "26th Abu Dhabi Masters"]
[Site "Abu Dhabi UAE"]
[Date "2019.08.09"]
[Round "8.25"]
[White "Akash Pc, Iyer"]
[Black "Iniyan, P"]
[Result "1/2-1/2"]
[WhiteTitle "IM"]
[BlackTitle "GM"]
[WhiteElo "2443"]
[BlackElo "2517"]
[WhiteFideId "5006775"]
[BlackFideId "25002767"]
[EventDate "2019.08.02"]

1. d4 Nf6 2. c4 e6 3. Nf3 c5 4. d5 exd5 5. cxd5 d6 6. Nc3 g6 7. e4 Bg7 8. Bb5+
Bd7 9. a4 O-O 10. O-O Bg4 11. Re1 Nbd7 12. h3 Bxf3 13. Qxf3 Ne5 14. Qd1 c4 15.
Qe2 Rc8 16. Rd1 a6 17. f4 Nd3 18. Bxc4 Nxc1 19. Raxc1 Nh5 20. b3 Qb6+ 21. Kh2
Nxf4 22. Qg4 Nh5 23. Ne2 f5 24. exf5 Qe3 25. f6 Qe5+ 26. Kg1 Bxf6 27. Qe6+ Kg7
28. Qxe5 Bxe5 29. Bd3 Nf6 30. Rxc8 Rxc8 31. Rc1 Rxc1+ 32. Nxc1 Bb2 33. Ne2 Nd7
34. Nf4 Kf6 35. Ne6 Nb6 36. Nd8 Nxd5 37. Nxb7 Nb4 38. Be2 Bd4+ 39. Kf1 Ke7 40.
Bg4 h5 41. Bc8 Nc6 42. h4 Bf6 43. g3 Bc3 44. Ke2 Bb4 45. Ke3 d5 46. g4 Na7 47.
gxh5 Nxc8 48. hxg6 Nd6 49. Nxd6 Bxd6 50. Kd4 Ke6 51. h5 Bf8 52. b4 Bxb4 53. h6
Ba3 54. g7 Kf7 55. Kxd5 Bc1 56. Kc6 Bxh6 57. Kb6 Bxg7 58. Kxa6 Bc3 1/2-1/2

[Event "26th Abu Dhabi Masters"]
[Site "Abu Dhabi UAE"]
[Date "2019.08.09"]
[Round "8.26"]
[White "Bajarani, Ulvi"]
[Black "Mahalakshmi, M"]
[Result "1/2-1/2"]
[WhiteTitle "GM"]
[BlackTitle "WIM"]
[WhiteElo "2515"]
[BlackElo "2173"]
[WhiteFideId "13403028"]
[BlackFideId "5001080"]
[EventDate "2019.08.02"]

1. Nf3 Nf6 2. c4 e6 3. Nc3 b6 4. e4 Bb7 5. Bd3 d6 6. Bc2 e5 7. d4 Nbd7 8. O-O
Be7 9. d5 O-O 10. Be3 h6 11. b4 Nh7 12. Rb1 a5 13. a3 axb4 14. axb4 Ba6 15. Bd3
Ng5 16. Nd2 Nf6 17. Ra1 Qd7 18. Be2 Bb7 19. Rxa8 Rxa8 20. h4 Ngh7 21. Nb3 Nf8
22. c5 bxc5 23. bxc5 dxc5 24. Bxc5 Ng6 25. g3 Ba6 26. Bxa6 Rxa6 27. Bxe7 Qxe7
28. Qd3 Ra8 29. Rb1 Rb8 30. Nd2 Rxb1+ 31. Ncxb1 Qd7 32. Nc3 Qh3 33. Qf3 Qd7 34.
Nc4 Qh3 35. Qg2 Qxg2+ 36. Kxg2 Kf8 37. Kf3 Ke7 38. Nb5 Kd7 39. Na7 h5 40. Nc6
Ng4 41. Nb8+ Kd8 42. Nc6+ Kd7 43. Nb4 Ke8 44. Ke2 Nf6 45. f3 Nd7 46. Nc6 f6 47.
Na3 Ne7 48. Nxe7 Kxe7 49. Nb5 Kd8 50. f4 Nc5 51. Ke3 Kd7 52. Na7 Kd6 53. Nc6 g6
54. Na5 Nd7 55. Kf3 Nb6 56. Nb7+ Kd7 57. g4 hxg4+ 58. Kxg4 exf4 59. Na5 Kd6 60.
Kxf4 g5+ 61. hxg5 fxg5+ 62. Kf5 Nxd5 63. e5+ Ke7 64. Nc6+ Kd7 65. Nd4 c5 66. Nb3
c4 67. Nd4 c3 68. Kxg5 c2 69. Nxc2 1/2-1/2

[Event "26th Abu Dhabi Masters"]
[Site "Abu Dhabi UAE"]
[Date "2019.08.09"]
[Round "8.27"]
[White "Suleymanli, Aydin"]
[Black "Kiriakov, Petr"]
[Result "1/2-1/2"]
[WhiteTitle "IM"]
[BlackTitle "GM"]
[WhiteElo "2416"]
[BlackElo "2514"]
[WhiteFideId "13413937"]
[BlackFideId "4119231"]
[EventDate "2019.08.02"]

1. d4 e6 2. c4 Nf6 3. Nc3 d5 4. cxd5 exd5 5. Bg5 c6 6. Qc2 Be7 7. e3 Nbd7 8. Bd3
Nh5 9. Bxe7 Qxe7 10. O-O-O Nb6 11. Nge2 Bg4 12. h3 Bxe2 13. Qxe2 g6 14. g4 Ng7
15. h4 h5 16. g5 O-O-O 17. Kb1 Kb8 18. Bc2 Rhe8 19. Rhe1 Qc7 20. Qf3 Re7 21. Re2
Ne6 22. Bb3 Qh2 23. Rh1 Qd6 24. Rd1 Qh2 25. Rh1 Qd6 26. Rd1 1/2-1/2

[Event "26th Abu Dhabi Masters"]
[Site "Abu Dhabi UAE"]
[Date "2019.08.09"]
[Round "8.28"]
[White "Nitish, Belurkar"]
[Black "Sadhwani, Raunak"]
[Result "1/2-1/2"]
[WhiteTitle "FM"]
[BlackTitle "IM"]
[WhiteElo "2271"]
[BlackElo "2493"]
[WhiteFideId "5084768"]
[BlackFideId "35093487"]
[EventDate "2019.08.02"]

1. e4 c6 2. d4 d5 3. e5 Bf5 4. h4 h5 5. Bd3 Bxd3 6. Qxd3 e6 7. Nf3 Ne7 8. Bg5
Qa5+ 9. Nbd2 Qa6 10. c4 Nf5 11. O-O Bb4 12. b3 Nd7 13. Qc2 O-O 14. Rfc1 Rfe8 15.
Nf1 Ba3 16. Rcb1 c5 17. dxc5 Bxc5 18. Qd2 Nb6 19. a4 Bf8 20. a5 Nd7 21. cxd5
exd5 22. Qxd5 Qe6 23. Rd1 Nxe5 24. Nxe5 Qxe5 25. Qxb7 Bc5 26. Qd5 Nd4 27. Qxe5
Rxe5 28. Rd3 Ne2+ 29. Kh2 Bxf2 30. Be3 Bxh4 31. Ra2 Nc1 32. Bxc1 Re1 33. Be3
Rxf1 34. a6 Bf6 35. g3 Re1 36. Bc5 Re5 37. b4 Be7 38. Re3 Rxe3 39. Bxe3 Bxb4 40.
Rb2 Ba5 41. Rb7 Re8 42. Rxa7 Rxe3 43. Ra8+ Kh7 44. a7 Be1 45. Rh8+ Kxh8 46.
a8=Q+ Kh7 47. Qa7 Re2+ 48. Kh3 f6 49. Qd4 Re5 50. g4 hxg4+ 51. Kxg4 Rg5+ 52. Kf3
Bg3 53. Qe4+ Kh6 54. Qe8 Be5 55. Qh8+ Kg6 56. Qe8+ Kh7 57. Kf2 Bd4+ 58. Kf3 f5
59. Kf4 Bf6 60. Qf7 Kh6 61. Qf8 Kh7 62. Qf7 Kh6 63. Qf8 1/2-1/2

[Event "26th Abu Dhabi Masters"]
[Site "Abu Dhabi UAE"]
[Date "2019.08.09"]
[Round "8.29"]
[White "Arjun, Kalyan"]
[Black "Laxman, R.R."]
[Result "1/2-1/2"]
[WhiteTitle "IM"]
[BlackTitle "GM"]
[WhiteElo "2482"]
[BlackElo "2426"]
[WhiteFideId "35018701"]
[BlackFideId "5005361"]
[EventDate "2019.08.02"]

1. e4 e5 2. Nf3 Nc6 3. Bc4 Bc5 4. O-O Nf6 5. d3 O-O 6. Bg5 Be7 7. a4 d6 8. h3 h6
9. Bd2 Nd4 10. Nxd4 exd4 11. c3 dxc3 12. Nxc3 Be6 13. Bxe6 fxe6 14. d4 c6 15.
Be3 a5 16. Qe2 Qe8 17. f4 Qg6 18. Bd2 e5 19. fxe5 dxe5 20. dxe5 Nd7 21. Qc4+ Kh7
22. Bf4 Bb4 23. Rad1 Nc5 24. Be3 Rxf1+ 25. Rxf1 Bxc3 26. bxc3 Nxe4 27. Rf4 Ng5
28. Rg4 b5 29. Qa2 bxa4 30. Bxg5 hxg5 31. Qxa4 Qb1+ 32. Kh2 Qf5 33. Re4 Re8 34.
e6 Rxe6 1/2-1/2

[Event "26th Abu Dhabi Masters"]
[Site "Abu Dhabi UAE"]
[Date "2019.08.09"]
[Round "8.30"]
[White "Rathanvel, V S"]
[Black "Tahbaz, Arash"]
[Result "1-0"]
[WhiteTitle "FM"]
[BlackTitle "IM"]
[WhiteElo "2367"]
[BlackElo "2482"]
[WhiteFideId "25002112"]
[BlackFideId "12528846"]
[EventDate "2019.08.02"]

1. e4 d5 2. exd5 Qxd5 3. Nc3 Qa5 4. d4 Nf6 5. Nf3 c6 6. Bc4 Bf5 7. Bd2 Nbd7 8.
Qe2 Qc7 9. O-O e6 10. Bb3 Bd6 11. h3 h6 12. Nd1 O-O 13. Ne3 Bh7 14. Rad1 b5 15.
c4 Qb7 16. cxb5 cxb5 17. d5 exd5 18. Nxd5 Rfe8 19. Be3 Bc5 20. Nxf6+ Nxf6 21.
Nd4 Qb6 22. Nxb5 Bxe3 23. Nd6 Bg6 24. Nxe8 Rxe8 25. fxe3 Kh7 26. Rfe1 Kg8 27.
Rd4 Qc5 28. Qd2 Re5 29. Rc1 Qe7 30. Rc8+ Kh7 31. Rdd8 Bf5 32. Bc2 Bxc2 33. Qxc2+
Ne4 34. Re8 Qh4 35. Qe2 Rg5 36. Rh8+ Kg6 37. Rc6+ f6 38. Rc4 h5 39. b3 a5 40. a4
Re5 41. Rd4 Qg3 42. Rxe4 Rc5 43. Rc4 Re5 44. Qf2 1-0

[Event "26th Abu Dhabi Masters"]
[Site "Abu Dhabi UAE"]
[Date "2019.08.09"]
[Round "8.31"]
[White "Vasquez Schroeder, Rodrigo"]
[Black "Ilyasli, Ughur"]
[Result "1-0"]
[WhiteTitle "GM"]
[BlackTitle "CM"]
[WhiteElo "2496"]
[BlackElo "2131"]
[WhiteFideId "3400042"]
[BlackFideId "13416197"]
[EventDate "2019.08.02"]

1. d4 Nf6 2. c4 g6 3. g3 c5 4. Nf3 cxd4 5. Nxd4 Bg7 6. Bg2 O-O 7. Nc3 Nc6 8. Nc2
Qa5 9. O-O d6 10. Bd2 Qh5 11. e4 Bg4 12. f3 Bh3 13. Qe2 Bxg2 14. Kxg2 Rfc8 15.
b3 a6 16. a4 Nd7 17. Rab1 Qa5 18. Nd5 Qd8 19. Bg5 Rab8 20. Rfd1 Qf8 21. Be3 f5
22. Bg1 e5 23. Nb6 Rd8 24. Rd2 Bh6 25. Rd3 f4 26. Rbd1 Nf6 27. g4 Bg5 28. Bf2 h5
29. h4 hxg4 30. hxg5 Nh7 31. Bh4 g3 32. c5 dxc5 33. Nd7 Qe7 34. Nxb8 Nd4 35.
Nxd4 cxd4 36. Nxa6 bxa6 37. Rc1 Nf8 38. Rc6 Qh7 39. Rd1 d3 40. Qd2 Qxh4 41. Rh1
Qxg5 42. Rc3 Ne6 43. Rxd3 Nd4 44. Qc3 Qe7 45. Qc4+ Kg7 46. Qxa6 Nc2 47. Rc1 Qh4
48. Rxc2 Qh2+ 49. Kf1 Qh1+ 50. Ke2 Qg2+ 51. Ke1 Qg1+ 52. Kd2 Qe3+ 53. Kc3 Qe1+
54. Kb2 Rf8 55. Qd6 1-0

[Event "26th Abu Dhabi Masters"]
[Site "Abu Dhabi UAE"]
[Date "2019.08.09"]
[Round "8.32"]
[White "Divya, Deshmukh"]
[Black "Costachi, Mihnea"]
[Result "1/2-1/2"]
[WhiteTitle "WIM"]
[BlackTitle "IM"]
[WhiteElo "2360"]
[BlackElo "2471"]
[WhiteFideId "35006916"]
[BlackFideId "1217518"]
[EventDate "2019.08.02"]

1. d4 Nf6 2. Bg5 Ne4 3. Bf4 c5 4. f3 Qa5+ 5. c3 Nf6 6. d5 Qb6 7. Bc1 e5 8. e4 d6
9. a4 Be7 10. Bd3 O-O 11. Ne2 Ne8 12. Nd2 g6 13. Nc4 Qd8 14. Bh6 Ng7 15. O-O Nd7
16. b4 cxb4 17. cxb4 Nb6 18. Na3 a5 19. bxa5 Rxa5 20. Bb5 Bd7 21. Nc3 Qc7 1/2-1/2

[Event "26th Abu Dhabi Masters"]
[Site "Abu Dhabi UAE"]
[Date "2019.08.09"]
[Round "8.33"]
[White "Alavi, Sayed Javad"]
[Black "Mullick, Raahil"]
[Result "1/2-1/2"]
[WhiteTitle "IM"]
[BlackTitle "CM"]
[WhiteElo "2454"]
[BlackElo "2355"]
[WhiteFideId "12500607"]
[BlackFideId "35080350"]
[EventDate "2019.08.02"]

1. Nf3 d5 2. e3 Nf6 3. c4 c6 4. Nc3 g6 5. d4 Bg7 6. Be2 O-O 7. O-O Nbd7 8. cxd5
cxd5 9. Qb3 e6 10. Bd2 Ne4 11. Rfc1 Nxd2 12. Nxd2 Nb8 13. Na4 Nc6 14. Bb5 Na5
15. Qc3 a6 16. Bf1 Nc6 17. Nf3 Re8 18. Qb3 Na5 19. Qb6 Bd7 20. Qxd8 Raxd8 21.
Nc5 Bc8 22. b4 Nc6 23. b5 axb5 24. Bxb5 Re7 25. Bxc6 bxc6 26. Ne5 Bxe5 27. dxe5
Ra7 28. a4 Ba6 29. Rcb1 Rda8 30. Rb6 Bb5 31. f3 1/2-1/2

[Event "26th Abu Dhabi Masters"]
[Site "Abu Dhabi UAE"]
[Date "2019.08.09"]
[Round "8.34"]
[White "Gaponenko, Inna"]
[Black "Pranav, V"]
[Result "1-0"]
[WhiteTitle "IM"]
[WhiteElo "2446"]
[BlackElo "2316"]
[WhiteFideId "14101181"]
[BlackFideId "25060783"]
[EventDate "2019.08.02"]

1. e4 c5 2. Nf3 Nc6 3. d4 cxd4 4. Nxd4 Nf6 5. Nc3 e5 6. Ndb5 d6 7. Bg5 a6 8. Na3
b5 9. Bxf6 gxf6 10. Nd5 f5 11. Bd3 Be6 12. O-O Bxd5 13. exd5 Ne7 14. Re1 Bg7 15.
c3 e4 16. Bf1 h5 17. f3 Kf8 18. fxe4 b4 19. cxb4 Bxb2 20. Rb1 Bxa3 21. Qb3 Ng6
22. exf5 Ne5 23. Qxa3 Ng4 24. h3 Qb6+ 25. Kh1 Rc8 26. Qb2 Rh6 27. Re2 Ne3 28.
Qd2 Nxf5 29. Qg5 Qd4 30. Qxf5 Rc3 31. Rf2 Rh7 32. Re1 Rg7 33. Qf6 Qxb4 34. Qd8# 1-0

[Event "26th Abu Dhabi Masters"]
[Site "Abu Dhabi UAE"]
[Date "2019.08.09"]
[Round "8.35"]
[White "Lee, Jun Hyeok"]
[Black "Nandhidhaa, P V"]
[Result "0-1"]
[WhiteTitle "FM"]
[BlackTitle "WIM"]
[WhiteElo "2437"]
[BlackElo "2332"]
[WhiteFideId "13202340"]
[BlackFideId "5050847"]
[EventDate "2019.08.02"]

1. d4 Nf6 2. c4 e6 3. Nc3 Bb4 4. a3 Bxc3+ 5. bxc3 Nc6 6. f3 b6 7. e4 Ba6 8. Bd3
Na5 9. Qe2 Nb3 10. Rb1 Nxc1 11. Rxc1 Qe7 12. Nh3 e5 13. dxe5 Qxe5 14. f4 Qc5 15.
Nf2 d6 16. O-O O-O 17. g4 Rae8 18. h4 Nxe4 19. Bxe4 d5 20. Bxh7+ Kxh7 21. Qd3+
Kg8 22. Rfe1 Bxc4 23. Qd4 Qxd4 24. cxd4 Rxe1+ 25. Rxe1 Rc8 26. g5 c5 27. dxc5
bxc5 28. Re7 Bb3 29. Rxa7 c4 30. Rb7 d4 31. Kf1 d3 32. f5 d2 33. Ke2 c3 0-1

[Event "26th Abu Dhabi Masters"]
[Site "Abu Dhabi UAE"]
[Date "2019.08.09"]
[Round "8.36"]
[White "Krishnater, Kushager"]
[Black "Aditya, Mittal"]
[Result "0-1"]
[WhiteTitle "FM"]
[BlackTitle "IM"]
[WhiteElo "2324"]
[BlackElo "2429"]
[WhiteFideId "25041142"]
[BlackFideId "35042025"]
[EventDate "2019.08.02"]

1. d4 Nf6 2. c4 b6 3. Nf3 Bb7 4. Nc3 e6 5. a3 d5 6. cxd5 exd5 7. Bg5 Be7 8. e3
O-O 9. Bd3 Nbd7 10. O-O c5 11. Rc1 Ne4 12. Bxe7 Qxe7 13. dxc5 bxc5 14. Bb1 Ndf6
15. Qa4 Rfd8 16. h3 Rd6 17. Rfd1 Rad8 18. Ba2 Nxc3 19. Rxc3 d4 20. exd4 cxd4 21.
Rcd3 Bxf3 22. Rxf3 d3 23. Re3 Qc7 24. Qc4 Qd7 25. Rd2 Rd4 26. Qb3 Ne4 27. Rd1 d2
28. Bb1 Nf6 29. Kf1 a5 30. Re5 Nd5 31. Qc2 g6 32. Qc5 Nf4 33. Re7 Qa4 34. Bc2
Qc4+ 35. Qxc4 Rxc4 36. g3 Ne6 37. Bb3 Rc1 38. Kg2 Nc5 39. Bxf7+ Kf8 0-1

[Event "26th Abu Dhabi Masters"]
[Site "Abu Dhabi UAE"]
[Date "2019.08.09"]
[Round "8.37"]
[White "Eynullayev, Atilla"]
[Black "Dimakiling, Oliver"]
[Result "1-0"]
[BlackTitle "IM"]
[WhiteElo "2290"]
[BlackElo "2418"]
[WhiteFideId "13413570"]
[BlackFideId "5202248"]
[EventDate "2019.08.02"]

1. d4 e6 2. e4 b6 3. Nf3 Bb7 4. Bd3 c5 5. c3 d6 6. O-O Nd7 7. Nbd2 Qc7 8. Re1
Ne7 9. Nf1 Ng6 10. d5 e5 11. Ng3 c4 12. Bf1 a6 13. a4 h5 14. Nd2 h4 15. Nf5 Nf4
16. Nxc4 h3 17. g3 Ng2 18. Bxg2 hxg2 19. Nfe3 g6 20. Qf3 f5 21. exf5 gxf5 22.
Qxf5 O-O-O 23. a5 b5 24. Nb6+ Kb8 25. Nxd7+ Rxd7 26. Kxg2 Bh6 27. Qe4 Rdh7 28.
h4 Qf7 29. Rd1 Rc8 30. Nf5 Bf8 31. Bg5 Rc4 32. Qf3 e4 33. Qf4 e3 34. Qf3 exf2
35. Ne3 Qe8 36. Nxc4 bxc4 37. Qxf2 Rf7 38. Bf4 Bh6 39. Re1 Qd7 40. Qe3 Bxd5+ 41.
Kh2 Bxf4 42. Qe8+ Kc7 43. Qxd7+ Kxd7 44. gxf4 Rxf4 45. Kg3 Rf3+ 46. Kg4 Rf2 47.
Rab1 Rg2+ 48. Kh3 Rg8 49. Rg1 Be6+ 50. Kh2 Rb8 51. Rg5 d5 52. Kg3 d4 53. Rd1 d3
54. Rd2 Ke7 55. h5 Kf6 56. Kf4 Rf8 57. Rg6+ Ke7+ 58. Ke3 Rf1 59. Rgg2 Bd5 60.
Rgf2 Re1+ 61. Kf4 Kf6 62. h6 Be4 63. Rh2 Bh7 64. Kf3 Re5 65. Rh4 Rc5 66. Ke3 Kg5
67. Rh3 Kg4 68. Rhh2 Re5+ 69. Kd4 Re4+ 70. Kd5 Kf3 71. b3 Ke3 72. bxc4 Bg8+ 73.
Kc5 Rxc4+ 74. Kb6 Rxc3 75. Kxa6 Bh7 76. Ka7 Be4 77. Rb2 Rc7+ 78. Kb8 Re7 79. a6
Kd4 80. a7 Kc3 81. Ra2 Rb7+ 82. Kc8 Rh7 83. Kd8 Kb3 84. Rab2+ Kc3 85. Ra2 Kb3
86. Ra6 Kc3 87. Ra3+ Kb4 88. Ra6 Kc3 89. Rha2 d2 90. Rd6 Rxh6 91. Rdxd2 Rh8+ 92.
Kc7 Bb1 93. Rd8 Rh7+ 94. Rd7 1-0

[Event "26th Abu Dhabi Masters"]
[Site "Abu Dhabi UAE"]
[Date "2019.08.09"]
[Round "8.38"]
[White "Bhambure, Shantanu"]
[Black "Sammed Jaykumar, Shete"]
[Result "1/2-1/2"]
[WhiteElo "2288"]
[BlackElo "2416"]
[WhiteFideId "5025931"]
[BlackFideId "5073421"]
[EventDate "2019.08.02"]

1. d4 f5 2. g3 Nf6 3. Bg2 g6 4. Nf3 Bg7 5. O-O O-O 6. b3 Ne4 7. Bb2 d6 8. Nbd2
c5 9. e3 Nc6 10. c4 Qa5 11. Nxe4 fxe4 12. Ne1 cxd4 13. exd4 d5 14. Nc2 Bf5 15.
Qe2 Rad8 16. Rfd1 e5 17. cxd5 Rxd5 18. dxe5 Nxe5 19. Rxd5 Qxd5 20. Ne3 Qe6 21.
Bxe5 Qxe5 22. Rd1 Be6 23. Nc4 Qc5 24. Bxe4 Bd4 25. Ne3 Re8 26. Qd3 Bxe3 27. fxe3
Bf7 28. Qd4 Qe7 29. Bg2 b6 30. e4 Qa3 31. Qf2 Be6 32. e5 Rf8 33. Qc2 Rc8 34. Qf2
Rf8 35. Qc2 Rc8 36. Qf2 1/2-1/2

[Event "26th Abu Dhabi Masters"]
[Site "Abu Dhabi UAE"]
[Date "2019.08.09"]
[Round "8.39"]
[White "Vantika, Agrawal"]
[Black "Vaishali, R"]
[Result "0-1"]
[WhiteTitle "WIM"]
[BlackTitle "WGM"]
[WhiteElo "2287"]
[BlackElo "2411"]
[WhiteFideId "25050389"]
[BlackFideId "5091756"]
[EventDate "2019.08.02"]

1. d4 Nf6 2. c4 e6 3. g3 d5 4. Bg2 dxc4 5. Nf3 a6 6. O-O Nc6 7. e3 Rb8 8. Qe2 b5
9. b3 cxb3 10. axb3 Bb7 11. Bd2 Bd6 12. Rc1 O-O 13. Ne1 Ne7 14. Bxb7 Rxb7 15.
Rxa6 Ne4 16. Nd3 Nd5 17. Nc3 Nexc3 18. Bxc3 f5 19. Nc5 Bxc5 20. dxc5 Qe7 21. e4
Nxc3 22. Rxc3 Qf7 23. exf5 exf5 24. Re6 Ra7 25. Qe5 c6 26. Rf3 Rd7 27. Rxc6 Rd5
28. Qc7 Rd7 29. Qe5 Rd5 30. Qe2 Qd7 31. Qxb5 Qe8 32. Re3 Rd1+ 33. Kg2 Qa8 34.
Qa6 Qb8 35. Rb6 Qc7 36. Qc4+ Kh8 37. Rbe6 f4 38. Qxf4 Qxc5 39. Qxf8+ Qxf8 40.
Re8 Kg8 41. Rxf8+ Kxf8 42. b4 Rb1 43. Re4 Rb3 44. h4 Kf7 45. g4 Kf6 46. f3 Kg6
47. Kg3 h5 48. g5 Kf5 49. Rc4 Rb1 50. Rc5+ Kg6 51. b5 Rb4 52. f4 Rb3+ 53. Kg2
Kh7 54. f5 Rb4 55. b6 Rxb6 56. g6+ Kh6 57. Rc8 Rb2+ 58. Kf3 Rf2+ 59. Kg3 Rxf5
60. Rc6 Rf1 61. Rc4 Rg1+ 62. Kf3 Rxg6 63. Ra4 Rg1 64. Ra6+ Kh7 65. Ra4 Rb1 66.
Kf4 Rb3 67. Re4 Rh3 68. Kg5 Rg3+ 69. Kf4 Rg4+ 70. Kf3 Rg1 71. Ra4 Rb1 72. Re4
Rb3+ 73. Kf4 Kg6 74. Re6+ Kh7 75. Re3 Rb4+ 76. Re4 Rb1 77. Re5 Kh6 78. Re6+ g6
79. Re4 Kg7 80. Ra4 Rb3 81. Ke5 Rh3 82. Rf4 Rg3 83. Ke4 Kh6 84. Rf3 Rg4+ 85. Rf4
g5 86. hxg5+ Kxg5 87. Rxg4+ Kxg4 0-1

[Event "26th Abu Dhabi Masters"]
[Site "Abu Dhabi UAE"]
[Date "2019.08.09"]
[Round "8.40"]
[White "Eynullayev, Altay"]
[Black "Agmanov, Zhandos"]
[Result "0-1"]
[WhiteTitle "FM"]
[BlackTitle "IM"]
[WhiteElo "2204"]
[BlackElo "2402"]
[WhiteFideId "13413562"]
[BlackFideId "13708309"]
[EventDate "2019.08.02"]

1. e4 e6 2. d4 d5 3. Nc3 Nf6 4. e5 Nfd7 5. f4 c5 6. Nf3 Nc6 7. Be3 Be7 8. Qd2
O-O 9. dxc5 Qa5 10. O-O-O b6 11. Bb5 Nb4 12. a3 bxc5 13. Bxd7 Bxd7 14. axb4 cxb4
15. Nb1 Rfc8 16. Nd4 Qa2 17. f5 exf5 18. Rhf1 a5 19. Nxf5 Bxf5 20. Rxf5 a4 21.
Bd4 a3 22. Rdf1 b3 23. c3 Qa1 24. Rxf7 a2 25. Qd3 Bg5+ 26. R7f4 axb1=Q+ 27. Qxb1
Ra2 28. Be3 Bxf4 29. Bxf4 Rxc3+ 0-1